000 00340 a2200157 4500
001 64119
020 _a9788508165872
040 _cAnchieta - Pituba
100 _aKupstas, Marcia
240 1 0 _aRevolução em mim
_l
245 1 0 _aRevolução em mim
300 _a126p.
362 0 _a2013
650 4 _aLiteratura juvenil
942 _cBK
999 _c64119
_d64119